[Event "SUI-chT"]
[Site "Switzerland"]
[Date "2024.04.14"]
[Round "2.6"]
[White "Medici, Simone"]
[Black "Rusev, Aleksandar"]
[Result "1/2-1/2"]
[WhiteElo "2201"]
[BlackElo "2280"]
[PlyCount "44"]
[EventDate "2024.03.10"]
[EventType "team-tourn"]
[EventRounds "9"]
[EventCountry "SUI"]
[SourceTitle "CB19_2024"]
[SourceDate "2024.05.08"]
[SourceVersion "1"]
[SourceVersionDate "2024.05.08"]
[SourceQuality "1"]
[WhiteTeam "Mendrisio"]
[BlackTeam "Luzern"]
[WhiteTeamCountry "SUI"]
[BlackTeamCountry "SUI"]

1. d4 Nf6 2. c4 g6 3. Nc3 Bg7 4. e4 d6 5. Nf3 0-0 6. Be2 e5 7. Be3 Qe8 8. d5 Ng4 9. Bg5 f5 10. Nd2 Bf6 11. Bxf6 Nxf6 12. Qc2 a5 13. f3 Na6 14. 0-0-0 c6 15. Rhg1 cxd5 16. cxd5 fxe4 17. fxe4 Nc5 18. Nc4 Ra6 19. Ne3 Ra8 20. Nc4 Ra6 21. Ne3 Ra8 22. Nc4 Ra6 1/2-1/2

[Event "Serpiano op"]
[Site "Serpiano"]
[Date "2024.04.07"]
[Round "5"]
[White "Paleologu, Vladimir"]
[Black "Medici, Simone"]
[Result "0-1"]
[WhiteElo "1998"]
[BlackElo "2201"]
[PlyCount "108"]
[EventDate "2024.04.05"]
[EventType "swiss"]
[EventRounds "5"]
[EventCountry "SUI"]
[SourceTitle "CB16_2024"]
[SourceDate "2024.04.17"]
[SourceVersion "1"]
[SourceVersionDate "2024.04.17"]
[SourceQuality "1"]

1. e4 b6 2. d4 Bb7 3. Bd3 d6 4. Ne2 Nd7 5. 0-0 Ngf6 6. Nd2 e5 7. c3 g6 8. f4 Bg7 9. Qc2 Qe7 10. a4 a6 11. b3 exd4 12. cxd4 c5 13. e5 Nd5 14. Nc4 dxe5 15. dxe5 0-0 16. Bd2 f6 17. exf6 Bxf6 18. Rae1 Nb4 19. Bxb4 cxb4 20. f5 g5 21. Ng3 Qc5+ 22. Kh1 b5 23. Qd1 Rad8 24. axb5 axb5 25. Nd6 Bc6 26. Nge4 Qd5 27. Bxb5 Nb6 28. Nxf6+ Rxf6 29. Qxd5+ Bxd5 30. Ne4 Rff8 31. Nxg5 Bxb3 32. Ne6 Bxe6 33. Rxe6 Nc8 34. g4 Rd4 35. h3 Nd6 36. Re5 b3 37. Rb1 Rb4 38. Bc6 b2 39. Re6 Nf7 40. Ree1 Rc8 41. Re8+ Rxe8 42. Bxe8 Nd6 43. Bc6 Kg7 44. Kg2 Nc4 45. g5 Nd2 46. f6+ Kf8 47. Re1 Rb8 48. f7 Kxf7 49. Bd5+ Kf8 50. Ba2 Ra8 51. Bb1 Ra1 52. Re2 Rxb1 53. Rxd2 Rg1+ 54. Kxg1 b1Q+ 0-1

[Event "Lugano Paradiso op 2nd"]
[Site "Lugano"]
[Date "2023.10.29"]
[Round "4"]
[White "Stojanovic, Mihajlo"]
[Black "Medici, Simone"]
[Result "1-0"]
[WhiteElo "2486"]
[BlackElo "2172"]
[PlyCount "105"]
[EventDate "2023.10.27"]
[EventType "swiss"]
[EventRounds "5"]
[EventCountry "SUI"]
[SourceTitle "Mega2024 Update 01"]
[Source "Chessbase"]
[SourceDate "2023.11.12"]
[SourceVersion "1"]
[SourceVersionDate "2023.11.12"]
[SourceQuality "1"]

1. d4 d5 2. c4 dxc4 3. e3 Nf6 4. Bxc4 e6 5. Nf3 c5 6. 0-0 a6 7. b3 b5 8. Be2 Nbd7 9. Bb2 Bb7 10. a4 b4 11. Nbd2 Be7 12. Rc1 Rc8 13. Nc4 0-0 14. Nfe5 Nxe5 15. dxe5 Nd5 16. Qc2 Qc7 17. Rfd1 Rfd8 18. Bd3 g6 19. Ba1 a5 20. e4 Nf4 21. Bf1 Rxd1 22. Rxd1 Rd8 23. Nd2 Qb6 24. Bb2 Ba6 25. Bxa6 Qxa6 26. Nc4 Qa8 27. g3 Nh3+ 28. Kg2 Rxd1 29. Qxd1 Ng5 30. f3 h5 31. Qd7 Qd8 32. Qxd8+ Bxd8 33. Bc1 Nh7 34. Be3 Nf8 35. Bxc5 Nd7 36. Bd6 Kg7 37. f4 Kh6 38. Kf3 g5 39. h3 Kg6 40. Ne3 Nb6 41. f5+ Kg7 42. g4 h4 43. Ke2 Nd7 44. Kd3 Bb6 45. Nc4 Bd8 46. Nd2 Nb6 47. Kd4 Nd7 48. Kc4 Nb6+ 49. Kb5 Kh7 50. Kc6 Kg8 51. Bc5 Nc8 52. f6 Kh7 53. Kb7 1-0

[Event "Lugano Paradiso op"]
[Site "Lugano"]
[Date "2023.05.28"]
[Round "5"]
[White "Paleologu, Vladimir"]
[Black "Medici, Simone"]
[Result "0-1"]
[WhiteElo "2000"]
[BlackElo "2189"]
[PlyCount "86"]
[EventDate "2023.05.26"]
[EventType "swiss"]
[EventRounds "5"]
[EventCountry "SUI"]
[SourceTitle "CBM 214 Extra"]
[Source "ChessBase"]
[SourceDate "2023.07.31"]
[SourceVersion "1"]
[SourceVersionDate "2023.07.31"]
[SourceQuality "1"]

1. e4 a6 2. d4 b6 3. Bd3 Bb7 4. Be3 d6 5. Nd2 Nd7 6. Ne2 Ngf6 7. h3 e5 8. d5 Be7 9. Ng3 g6 10. Bh6 Bf8 11. Bxf8 Rxf8 12. Qe2 Nc5 13. a4 Nxd3+ 14. Qxd3 a5 15. c4 Nd7 16. Qc2 Bc8 17. Ra3 Nc5 18. Rf3 Bd7 19. b3 Qh4 20. Kd1 0-0-0 21. Kc1 f6 22. Ndf1 Rf7 23. Ne3 Rdf8 24. Kb2 h5 25. Ka3 Qg5 26. h4 Qh6 27. Ne2 f5 28. exf5 gxf5 29. Nd1 f4 30. Rc3 Bf5 31. Qc1 Qg6 32. g3 Bd3 33. Qd2 fxg3 34. Nxg3 Rf4 35. Rh3 e4 36. Ne2 R4f6 37. Nd4 Qg1 38. Rg3 Rxf2 39. Nxf2 Qa1+ 40. Qa2 Qxc3 41. Nxd3 Nxd3 42. Rxd3 Qxd3 43. Ne6 Rf1 0-1

[Event "SUI-chT"]
[Site "Switzerland"]
[Date "2023.04.16"]
[Round "1.7"]
[White "Medici, Simone"]
[Black "Schlegel, Igor"]
[Result "0-1"]
[WhiteElo "2232"]
[BlackElo "2276"]
[PlyCount "110"]
[EventDate "2023.04.16"]
[EventType "team-tourn"]
[EventRounds "9"]
[EventCountry "SUI"]
[SourceTitle "CBM 213 Extra"]
[Source "ChessBase"]
[SourceDate "2023.05.31"]
[SourceVersion "1"]
[SourceVersionDate "2023.05.31"]
[SourceQuality "1"]
[WhiteTeam "Mendrisio"]
[BlackTeam "Winterthur"]
[WhiteTeamCountry "SUI"]
[BlackTeamCountry "SUI"]

1. d4 Nf6 2. Bg5 d5 3. Bxf6 gxf6 4. e3 c5 5. Nc3 e6 6. Nf3 Rg8 7. Qd2 Nc6 8. 0-0-0 f5 9. dxc5 Bxc5 10. g3 Bd7 11. Nd4 Ne5 12. Nb3 Be7 13. Be2 a6 14. f4 Nc6 15. Bh5 Na5 16. Nxd5 Nc4 17. Qd4 exd5 18. Qxd5 Nd6 19. Nd4 Qb6 20. Rhe1 0-0-0 21. Bxf7 Nxf7 22. Qxf7 Bf6 23. Nb3 Rg7 24. Qc4+ Kb8 25. Nd4 Rc8 26. Qd5 Rc5 27. Qb3 Qxb3 28. Nxb3 Rc8 29. Rd6 Rc6 30. Red1 Kc7 31. Rxc6+ Bxc6 32. Nd4 Bxd4 33. exd4 Bf3 34. Re1 Be4 35. Kd2 Kd6 36. c4 b5 37. b3 Rb7 38. c5+ Kd5 39. Ke3 b4 40. Rc1 Re7 41. Rc4 a5 42. c6 Bb1+ 43. Kd2 Rc7 44. Rc5+ Kxd4 45. Rxa5 Rxc6 46. Rb5 Rc2+ 47. Kd1 Rxa2 48. Rxb4+ Ke3 49. Kc1 Bd3 50. Rb7 Rc2+ 51. Kd1 Rxh2 52. Re7+ Be4 53. Kc1 Rc2+ 54. Kd1 Rb2 55. Rc7 Rxb3 0-1

[Event "Serpiano op"]
[Site "Serpiano"]
[Date "2023.03.31"]
[Round "1"]
[White "Medici, Simone"]
[Black "Tedesco, Gennaro"]
[Result "1-0"]
[WhiteElo "2191"]
[BlackElo "1736"]
[PlyCount "97"]
[EventDate "2023.03.31"]
[EventType "swiss"]
[EventRounds "5"]
[EventCountry "SUI"]
[SourceTitle "CBM 213 Extra"]
[Source "ChessBase"]
[SourceDate "2023.05.31"]
[SourceVersion "1"]
[SourceVersionDate "2023.05.31"]
[SourceQuality "1"]

1. Nc3 d5 2. d4 Nf6 3. Bf4 a6 4. e3 c5 5. Qd2 Nc6 6. f3 cxd4 7. exd4 e6 8. a3 Be7 9. g4 Nd7 10. Nge2 Nb6 11. b3 Bd7 12. g5 Na7 13. h4 Nb5 14. Nb1 Rc8 15. Ng3 Bd6 16. Bxd6 Nxd6 17. Bd3 Bb5 18. Bxb5+ Nxb5 19. a4 Nd6 20. Na3 Qc7 21. Qf4 Nb5 22. Qxc7 Nxc7 23. f4 g6 24. h5 Ke7 25. Kd2 f5 26. Rae1 Kf7 27. Re2 Rcd8 28. Reh2 Rhg8 29. hxg6+ hxg6 30. Rh7+ Rg7 31. Ne2 Rdg8 32. Nc1 Nd7 33. c4 Ne8 34. c5 Nc7 35. b4 Ra8 36. Nd3 Ne8 37. Nc2 Nc7 38. Nce1 Rag8 39. Nf3 Rxh7 40. Rxh7+ Rg7 41. Nfe5+ Nxe5 42. Nxe5+ Kg8 43. Rh6 Rh7 44. Rxg6+ Kh8 45. Rf6 Rh2+ 46. Ke3 Rh7 47. Nf7+ Kg8 48. Nh6+ Kh8 49. Rf8+ 1-0

[Event "Mendrisio op"]
[Site "Mendrisio"]
[Date "2022.09.11"]
[Round "5"]
[White "Medici, Simone"]
[Black "Reinhardt, Bernd"]
[Result "1/2-1/2"]
[WhiteElo "2193"]
[BlackElo "2103"]
[PlyCount "36"]
[EventDate "2022.09.09"]
[EventType "swiss"]
[EventRounds "5"]
[EventCountry "SUI"]
[SourceTitle "EXT 2023"]
[Source "ChessBase"]
[SourceDate "2022.10.05"]
[SourceVersion "1"]
[SourceVersionDate "2022.10.05"]
[SourceQuality "1"]

1. d4 d6 2. Nf3 g6 3. g3 Bg7 4. Bg2 Nd7 5. Nbd2 e6 6. c3 Ne7 7. e4 0-0 8. 0-0 b6 9. Re1 Bb7 10. Qb3 Rb8 11. Nf1 h6 12. h3 c5 13. g4 cxd4 14. cxd4 Rc8 15. Bd2 Nf6 16. Ng3 d5 17. e5 Ne4 18. Bc3 Nxc3 1/2-1/2

[Event "Mendrisio op 25th"]
[Site "Mendrisio"]
[Date "2021.09.12"]
[Round "4"]
[White "Medici, Simone"]
[Black "Acor, Corey B"]
[Result "0-1"]
[WhiteElo "2209"]
[BlackElo "2277"]
[PlyCount "146"]
[EventDate "2021.09.10"]
[EventType "swiss"]
[EventRounds "5"]
[EventCountry "SUI"]
[SourceTitle "EXT 2022"]
[Source "ChessBase"]
[SourceDate "2021.10.06"]
[SourceVersion "1"]
[SourceVersionDate "2021.10.06"]
[SourceQuality "1"]

1. d4 d5 2. c4 c6 3. Nf3 Nf6 4. e3 e6 5. Nbd2 Nbd7 6. Bd3 Bd6 7. 0-0 0-0 8. e4 dxe4 9. Nxe4 Nxe4 10. Bxe4 h6 11. Bc2 e5 12. Qd3 f5 13. c5 Bc7 14. dxe5 Nxe5 15. Qb3+ Kh8 16. Bf4 Be6 17. Qc3 Nxf3+ 18. Qxf3 Bxf4 19. Qxf4 Qf6 20. b4 Qb2 21. Bb3 Bxb3 22. Rfb1 Qc3 23. axb3 Rae8 24. Qc4 Qf6 25. Rxa7 Re4 26. Qf1 Rfe8 27. h3 Qc3 28. Kh2 Rxb4 29. Qc1 Qxc1 30. Rxc1 Rxb3 31. Rc2 Re5 32. Ra4 Kg8 33. g3 Kf7 34. h4 Ke6 35. Rd4 Rb5 36. Rdc4 Re4 37. R4c3 Kd5 38. Kg2 g5 39. hxg5 hxg5 40. Re3 Ke5 41. Rd3 Rd4 42. Re3+ Kd5 43. Rf3 Ke6 44. Re3+ Kf6 45. Rce2 Re4 46. Rxe4 fxe4 47. Rxe4 Rxc5 48. Kf3 Rf5+ 49. Kg2 b5 50. f4 gxf4 51. gxf4 Rc5 52. Kf3 Kf5 53. Re3 b4 54. Re8 Rc3+ 55. Ke2 Kxf4 56. Kd2 c5 57. Re7 Rc4 58. Kd3 Rd4+ 59. Kc2 Re4 60. Rc7 Rc4+ 61. Kd3 Rc3+ 62. Kd2 Ke4 63. Rd7 Rh3 64. Kc2 c4 65. Re7+ Kd5 66. Rd7+ Kc6 67. Rd8 Rh2+ 68. Kc1 c3 69. Rg8 Kb5 70. Ra8 Kc4 71. Rd8 Kb3 72. Rd1 Ra2 73. Rd2 Ra1# 0-1

[Event "Mendrisio op 25th"]
[Site "Mendrisio"]
[Date "2021.09.10"]
[Round "1"]
[White "Dorofeev, Arseniy"]
[Black "Medici, Simone"]
[Result "0-1"]
[WhiteElo "1348"]
[BlackElo "2209"]
[PlyCount "54"]
[EventDate "2021.09.10"]
[EventType "swiss"]
[EventRounds "5"]
[EventCountry "SUI"]
[SourceTitle "EXT 2022"]
[Source "ChessBase"]
[SourceDate "2021.10.06"]
[SourceVersion "1"]
[SourceVersionDate "2021.10.06"]
[SourceQuality "1"]

1. e4 Nf6 2. Nc3 d5 3. e5 d4 4. exf6 dxc3 5. bxc3 exf6 6. d4 Be7 7. Bc4 0-0 8. Ne2 b6 9. 0-0 Bb7 10. Bf4 Bd6 11. Qd3 Re8 12. Rfe1 Nc6 13. Qg3 Ne7 14. Bb5 c6 15. Bxd6 Nf5 16. Qd3 Nxd6 17. Ba4 a5 18. c4 b5 19. cxb5 cxb5 20. Bxb5 Nxb5 21. Qxb5 Ba6 22. Qh5 Qe7 23. Kf1 Rac8 24. Rac1 Rc3 25. d5 g6 26. d6 Qxd6 27. Qxa5 Ra3 0-1

[Event "Lugano Special Edition op 19th"]
[Site "Lugano"]
[Date "2021.03.12"]
[Round "1"]
[White "Medici, Simone"]
[Black "Kaczmarek, Michal"]
[Result "1-0"]
[WhiteElo "2212"]
[BlackElo "1684"]
[PlyCount "157"]
[EventDate "2021.03.12"]
[EventType "swiss"]
[EventRounds "5"]
[EventCountry "SUI"]
[SourceTitle "CBM 201 Extra"]
[Source "ChessBase"]
[SourceDate "2021.05.31"]
[SourceVersion "1"]
[SourceVersionDate "2021.05.31"]
[SourceQuality "1"]

1. e4 e5 2. Nf3 Nf6 3. Nc3 Nc6 4. Bb5 Bc5 5. 0-0 d6 6. d4 exd4 7. Nxd4 Bd7 8. Nb3 Bb6 9. Bg5 h6 10. Bh4 0-0 11. a4 a6 12. Be2 Ba7 13. Kh1 Ne5 14. f4 Ng6 15. Bxf6 Qxf6 16. e5 Qh4 17. exd6 cxd6 18. Bf3 Rab8 19. Qxd6 Rfd8 20. g3 Qh3 21. Bg2 Qg4 22. Qd1 Qf5 23. Be4 Qh3 24. Qf3 Bg4 25. Qg2 Qh5 26. Bf3 Ne7 27. Bxg4 Qxg4 28. Qe2 Qd7 29. Rad1 Qc6+ 30. Qe4 Qc7 31. Rfe1 Re8 32. Kg2 Qb6 33. Kh1 Ng6 34. Qf3 Rbd8 35. a5 Qb4 36. Rxd8 Rxd8 37. Qe4 Qxe4+ 38. Rxe4 Nf8 39. Re7 Nd7 40. Kg2 Kf8 41. Re2 Nb8 42. Rd2 Rxd2+ 43. Nxd2 Nc6 44. Nc4 Nb4 45. Na3 Nc6 46. Nc4 Nb4 47. Nd6 b5 48. axb6 Bxb6 49. Nc4 Bd4 50. Na3 Ke7 51. Nd1 Bc5 52. c3 Nc6 53. b4 Bb6 54. Nc4 Bc7 55. Nde3 Ke6 56. Kf3 Bd8 57. Ke4 Bf6 58. Nd5 Bd8 59. f5+ Kd7 60. g4 g6 61. h3 h5 62. gxh5 gxh5 63. Nd2 Bg5 64. Nf3 Bd8 65. c4 Kd6 66. c5+ Kd7 67. Ne1 Na7 68. Nd3 Nb5 69. Ne5+ Ke8 70. f6 a5 71. bxa5 Bxa5 72. Nc4 Bd8 73. c6 Nc7 74. Nd6+ Kf8 75. Nxc7 Bxc7 76. Nb5 Bd8 77. c7 Bxc7 78. Nxc7 Kg8 79. Kf5 1-0

[Event "Locarno op 5th"]
[Site "Locarno"]
[Date "2020.10.16"]
[Round "1"]
[White "Kaczmarek, Michal"]
[Black "Medici, Simone"]
[Result "0-1"]
[WhiteElo "1675"]
[BlackElo "2234"]
[PlyCount "40"]
[EventDate "2020.10.16"]
[EventType "swiss"]
[EventRounds "5"]
[EventCountry "SUI"]
[SourceTitle "CBM 198 Extra"]
[Source "ChessBase"]
[SourceDate "2020.11.30"]
[SourceVersion "1"]
[SourceVersionDate "2020.11.30"]
[SourceQuality "1"]

1. c4 b6 2. Nc3 Bb7 3. e4 d6 4. g3 Nf6 5. Bg2 e5 6. Nge2 Nbd7 7. d3 Be7 8. 0-0 0-0 9. f4 c6 10. f5 b5 11. cxb5 cxb5 12. a3 Qb6+ 13. d4 d5 14. Qd3 dxe4 15. Qxb5 exd4 16. Qxb6 Nxb6 17. Nxd4 Bc5 18. Rd1 Rad8 19. Nce2 Ba6 20. b4 Bxe2 0-1

[Event "Cesenatico op 23rd"]
[Site "Cesenatico"]
[Date "2019.09.08"]
[Round "9"]
[White "Medici, Simone"]
[Black "Stromboli, Carlo"]
[Result "1-0"]
[WhiteElo "2201"]
[BlackElo "2270"]
[PlyCount "87"]
[EventDate "2019.09.01"]
[EventType "swiss"]
[EventRounds "9"]
[EventCountry "ITA"]
[SourceTitle "EXT 2020"]
[Source "ChessBase"]
[SourceDate "2019.10.17"]
[SourceVersion "1"]
[SourceVersionDate "2019.10.17"]
[SourceQuality "1"]

1. d4 Nf6 2. c4 e6 3. Nf3 d5 4. Nc3 a6 5. cxd5 exd5 6. Bf4 Bd6 7. Bg3 0-0 8. e3 c5 9. Bxd6 Qxd6 10. dxc5 Qxc5 11. Qd4 Qa5 12. Be2 Nc6 13. Qd2 Rd8 14. Nd4 Bg4 15. Bxg4 Nxg4 16. Rd1 Qc7 17. Qe2 Nf6 18. 0-0 Ne5 19. h3 Rac8 20. Nf5 Kf8 21. Qd2 Qd7 22. Ng3 Kg8 23. b3 Qc7 24. Rc1 Qd7 25. Rfd1 Rc6 26. Qd4 Qe6 27. e4 Rcd6 28. exd5 Nc6 29. Qb6 Nxd5 30. Nxd5 Rxd5 31. Rxd5 Rxd5 32. Qxb7 Nd8 33. Qa8 g6 34. Rc8 Qd6 35. Qb8 Rd1+ 36. Kh2 Qd4 37. Ne2 Qd7 38. Nc3 Rd4 39. Ne4 Kf8 40. Nc5 Qd6+ 41. Qxd6+ Rxd6 42. Nb7 Rb6 43. Nxd8 Ke7 44. Rc6 1-0